| 000 | | | 04719nmc2a22003373x 450 |
| 001 | | | 93fc62f9-c5d8-4fa2-9492-4d16416c1c69 |
| 005 | | | 20250725050227.0 |
| 100 | ## | $a | 20250613l19341935k y0rusy50 ca |
| 101 | 0# | $a | rus |
| 102 | ## | $a | RU |
| 105 | ## | $a | a z ||||| |
| 122 | 2# | $a | d19341228 |
| | $a | d19351231 |
| 200 | 1# | $a | Приветствия и рапорта VII Съезду Советов СССР |
| | $j | 28.12.1934 - 1935 |
| 215 | ## | $a | 58 листов |
| | $c | ил. |
| | $d | 38,7 х 25,5 |
| 251 | ## | $c | Дело |
| 300 | ## | $a | Заголовок дела на папке: Приветствия и рапорты 7 Съезду Советов СССР |
| 300 | ## | $a | Листы: 58 листов, в том числе: литерные номера листов 40а; 38, 39, 40 - идут после листа 22 |
| 300 | ## | $a | В деле имеются телеграммы |
| 300 | ## | $a | Часть текста машинописная и рукописная, часть - напечатана типографским способом |
| 330 | ## | $a | Входит в раздел описи: Протокольная часть |
| 461 | #0 | $1 | 001RuPRLIB520124725 |
| | $1 | 2001 |
| | $a | ЦЕНТРАЛЬНЫЙ ИСПОЛНИТЕЛЬНЫЙ КОМИТЕТ СССР (ЦИК СССР). |
| | $1 | 251 |
| | $c | Фонд |
| | $1 | 852 |
| | $g | Р |
| | $j | 3316 |
| 462 | #0 | $1 | 001RuPRLIB520125305 |
| | $1 | 2001 |
| | $a | Дела Секретариата Президиума ЦИК Союза ССР за 1934 год |
| | $v | Д. 381 |
| | $1 | 251 |
| | $c | Опись |
| | $1 | 852 |
| | $j | 27 |
| 517 | 1# | $a | Приветствия и рапорты 7 Съезду Советов СССР |
| 601 | 1| | $3 | RU\NLR\AUTH\661048804 |
| | $a | СССР. Съезд советов 7-й |
| 605 | ## | $3 | DITM\AF\0000002775 |
| | $a | Власть |
| | $l | коллекция |
| | $2 | acquisition_prlib |
| 610 | 1# | $a | Приветствия |
| | $a | Рапорты |
| 686 | ## | $a | 67.401.011.12ю1 |
| | $c | Право |
| | $2 | rubbk |
| 686 | ## | $a | 63.3(2)614-332ю1 |
| | $c | История |
| | $2 | rubbk |
| 801 | #0 | $a | RU |
| | $b | GA_RF |
| 801 | #1 | $a | RU |
| | $b | ГлавНИВЦ |
| | $c | 20250613 |
| | $2 | rusmarc |
| 801 | #2 | $a | RU |
| | $b | ПБ им. Б.Н. Ельцина |
| | $c | 20250725 |
| | $g | RCR |
| | $2 | rusmarc |
| 852 | ## | $a | ГА РФ |
| | $j | 381 |
| 937 | ## | $d | 197603981 |
| | $h | ГАРФ |
| 035 | ## | $a | RuPRLIB51079520 |
| 856 | ## | $u | http://readingroom.main.prlib.ru/item.aspx?id_node=n197603981&mode=full |